Normal view
MARC view
- Pendlebury, Norman.
Entry Personal Name
001 - CONTROL NUMBER
- control field: 4032
003 - CONTROL NUMBER IDENTIFIER
- control field: OSt
005 - DATE AND TIME OF LATEST TRANSACTION
- control field: 20170512142840.0
008 - FIXED-LENGTH DATA ELEMENTS
- fixed length control field: 170512|| aca||aabn | a|a d
040 ## - CATALOGING SOURCE
- Original cataloging agency: OSt
- Transcribing agency: OSt
100 ## - HEADING--PERSONAL NAME
- Personal name: Pendlebury, Norman.
670 ## - SOURCE DATA FOUND
- Source citation: Work cat.: (OSt): Abbott, Keith 1952- 4031, Business law /, 1993.

PORTAL AKMAL
E-MEL JKDM
AKMAL2U
G-BAM
u-PUSTAKA